Attitude towards team-teaching - a study at Vietnam USA society English training service centre = Thái độ đối với việc dạy học bằng nhóm giáo viên - nghiên cứu ở Trung tâm Anh văn Hội Việt Mỹ : Program Principles and methods in English Language Education = Chuyên ngành Lí luận và phương pháp dạy học bộ môn Tiếng Anh
This study aims to investigate attitude of teachers and learners at elementary levels towards team-teaching at VUS, and basing on the findings, some suggestions will be made in order to better the teaching and learning system at the school.
Đã lưu trong:
| Príomhúdar: | |
|---|---|
| Formáid: | Leabhar |
| Teanga: | Undetermined |
| Foilsithe: |
Can Tho
Can Tho University
2009
|
| Ábhair: | |
| Clibeanna: |
Cuir Clib Leis
Gan Chlibeanna, Bí ar an gcéad duine leis an taifead seo a chlibeáil!
|
| Thư viện lưu trữ: | Trung tâm Học liệu Trường Đại học Cần Thơ |
|---|
| LEADER | 01255nam a2200229Ia 4500 | ||
|---|---|---|---|
| 001 | CTU_154212 | ||
| 008 | 210402s9999 xx 000 0 und d | ||
| 082 | |a 428.24 | ||
| 082 | |b H107 | ||
| 088 | |a 60140111 | ||
| 100 | |a Hồ, Thị Hồng Hạnh | ||
| 245 | 0 | |a Attitude towards team-teaching - a study at Vietnam USA society English training service centre = | |
| 245 | 0 | |b Thái độ đối với việc dạy học bằng nhóm giáo viên - nghiên cứu ở Trung tâm Anh văn Hội Việt Mỹ : Program Principles and methods in English Language Education = Chuyên ngành Lí luận và phương pháp dạy học bộ môn Tiếng Anh | |
| 245 | 0 | |c Hồ Thị Hồng Hạnh; Trương Viên (Supervisor) | |
| 260 | |a Can Tho | ||
| 260 | |b Can Tho University | ||
| 260 | |c 2009 | ||
| 520 | |a This study aims to investigate attitude of teachers and learners at elementary levels towards team-teaching at VUS, and basing on the findings, some suggestions will be made in order to better the teaching and learning system at the school. | ||
| 650 | |a English language | ||
| 650 | |x Studying and teaching | ||
| 904 | |i Bạch Trúc | ||
| 980 | |a Trung tâm Học liệu Trường Đại học Cần Thơ | ||